Statistics for Good Morning in 10 Languages

Click here to take the quiz!

General Stats

  • This quiz has been taken 29 times
  • The average score is 4 of 10

Answer Stats

Good MorningLanguage% Correct
EnglishGood Morning
100%
GermanGuten Morgen
72%
FrenchBonjour
56%
ItalianBuongiorno
44%
PortugeseBom dia
28%
DutchGoedemorgen
20%
SpanishBuen día
16%
PolishDzien dobry
12%
SwahiliHabari za asubuhi
4%
SundaneseWilujeng enjing
4%

Score Distribution

Percentile by Number Answered

Percent of People with Each Score

Your Score History

You have not taken this quiz